000 00420nam a2200157Ia 4500
008 210716s2001 xx 000 0 und d
020 _a70447438
041 _aeng
082 _a004 NORP
100 _aNortoN,Peter.
245 _aPeter nortons introduction to computers.
250 _a4
260 _aNew Delhi
_bTata McGraw Hill Publishing Company Ltd
_c2001
300 _aXXX,610
650 _aComputer Fundamentals
999 _c184952
_d184952